| 000 | 00490nam a2200193Ia 4500 | ||
|---|---|---|---|
| 005 | 20250319063011.0 | ||
| 008 | 240331s9999 xx 000 0 und d | ||
| 020 | _a0415079845 | ||
| 082 |
_a302.23 _bGET _22028 |
||
| 245 | 0 |
_aGetting the Message: _bNews, Truth and Power |
|
| 260 |
_aLondon; _aNew York, _bRoutledge _c1993 |
||
| 300 | _ax, 358 p., | ||
| 650 | _aMedia | ||
| 650 | _aCommunication | ||
| 650 | _aHIV/AIDS | ||
| 650 | _aJournalism | ||
| 700 |
_aEldridge, J _eedt |
||
| 942 | _cL | ||
| 999 |
_c1116 _d1116 |
||